| 000 | 00345nam a2200145Ia 4500 | ||
|---|---|---|---|
| 008 | 150201s2012 xx 000 0 und d | ||
| 082 |
_a615.321 _bP12S |
||
| 100 | _aSHANBHG , TARA V. | ||
| 245 | _aPHARMACOLOGY FOR NURSES | ||
| 250 | _a1ST | ||
| 260 |
_bELSEVIER _aINDIA _c2012 |
||
| 300 | _a395 | ||
| 650 | _aPHARMACOLOGY | ||
| 942 |
_2ddc _cBK _041 |
||
| 999 |
_c2113 _d2113 |
||